<?xml version="1.0" encoding="UTF-8"?>
<collection xmlns="http://www.loc.gov/MARC21/slim">
  <record>
    <leader>00000nam  2200000   4500</leader>
    <controlfield tag="001">INLIS000000000020100</controlfield>
    <controlfield tag="005">20250521094720</controlfield>
    <datafield tag="035" ind1="#" ind2="#">
      <subfield code="a">0010-0525000183</subfield>
    </datafield>
    <controlfield tag="007">ta</controlfield>
    <controlfield tag="008">250521################|##########|#|##</controlfield>
    <datafield tag="084" ind1="#" ind2="#">
      <subfield code="a">R 0077 PKN II 2024</subfield>
    </datafield>
    <datafield tag="100" ind1=" " ind2="#">
      <subfield code="a">Ruli Nurdina Sari</subfield>
    </datafield>
    <datafield tag="245" ind1="1" ind2="#">
      <subfield code="a">Strategi Peningkatan Kualitas Perencanaan Dan Penganggaran Di Lingkungan Kementerian Koperasi dan UKM /</subfield>
      <subfield code="c">Ruli Nurdina Sari</subfield>
    </datafield>
    <datafield tag="250" ind1="#" ind2="#">
      <subfield code="a">1</subfield>
    </datafield>
    <datafield tag="260" ind1="#" ind2="#">
      <subfield code="a">Jakarta :</subfield>
      <subfield code="b">Pusbangkom Pimnas,</subfield>
      <subfield code="c">2024</subfield>
    </datafield>
    <datafield tag="300" ind1="#" ind2="#">
      <subfield code="a">183 :</subfield>
      <subfield code="b">ilus ;</subfield>
      <subfield code="c">29 x 21 x 1,5</subfield>
    </datafield>
    <datafield tag="650" ind1="#" ind2="4">
      <subfield code="a">Perencanaan Anggaran</subfield>
    </datafield>
    <datafield tag="520" ind1="#" ind2="#">
      <subfield code="a">Inovasi ini sejalan dengan tema dan subtema yang diangkat dalam Pelatihan&#13;
Kepemimpinan Tingkat II Angkatan I Tahun 2024 serta sejalan dengan agenda&#13;
pembangunan Pemerintah Tahun 2025 – 2029 yaitu Transformasi Tata Kelola. Hadirnya&#13;
SIANGGARA yang diperkuat melalui regulasi diharapkan dapat mengoptimalisasi proses&#13;
bisnis perencanaan dan penganggaran, sehingga transformasi tata kelola dapat&#13;
terlaksana untuk meningkatkan kualitas perencanaan dan penganggaran di lingkungan&#13;
Kementerian Koperasi dan UKM. Hadirnya proyek perubahan ini memberikan manfaat&#13;
antara lain masalah penyusunan rencana dan anggaran yang teratasi, penghematan&#13;
biaya, efiensi waktu, dan efektifitas koordinasi dan komunikasi dalam penyusunan rencana&#13;
dan anggaran. Selain itu, proyek perubahan ini kedepannya akan terus berlanjut dengan&#13;
mendapatkan dukungan dari pimpinan serta telah teralokasinya anggaran untuk mencapai&#13;
tujuan jangka menengah dan jangka panjang.</subfield>
    </datafield>
    <datafield tag="856" ind1="#" ind2="#">
      <subfield code="a">Perpustakaan Pusat LAN</subfield>
    </datafield>
    <datafield tag="990" ind1="#" ind2="#">
      <subfield code="a">2024/1.2,2/A/0077</subfield>
    </datafield>
  </record>
</collection>
